The idea of a university / (Record no. 1053)

000 -LEADER
fixed length control field 01345nam a22003497a 4500
001 - CONTROL NUMBER
control field 4926493
003 - CONTROL NUMBER IDENTIFIER
control field OSt
005 - DATE AND TIME OF LATEST TRANSACTION
control field 20210426122128.0
008 - FIXED-LENGTH DATA ELEMENTS--GENERAL INFORMATION
fixed length control field 950829s1996 ctu b 000 0 eng
010 ## - LIBRARY OF CONGRESS CONTROL NUMBER
LC control number 95038832
020 ## - INTERNATIONAL STANDARD BOOK NUMBER
International Standard Book Number 0300064047 (cloth : alk. paper)
020 ## - INTERNATIONAL STANDARD BOOK NUMBER
International Standard Book Number 0300064055 (pbk. : alk. paper)
040 ## - CATALOGING SOURCE
Original cataloging agency DLC
Transcribing agency DLC
Modifying agency DLC
Language of cataloging eng
041 ## - LANGUAGE CODE
Language code of text/sound track or separate title eng
050 00 - LIBRARY OF CONGRESS CALL NUMBER
Classification number LB2321
Item number .N54 1996
080 ## - UNIVERSAL DECIMAL CLASSIFICATION NUMBER
Universal Decimal Classification number 37
Item number N-53
082 00 - DEWEY DECIMAL CLASSIFICATION NUMBER
Classification number 378/.01
Edition number 20
100 1# - MAIN ENTRY--PERSONAL NAME
Personal name Newman, John Henry,
Dates associated with a name 1801-1890.
245 14 - TITLE STATEMENT
Title The idea of a university /
Statement of responsibility, etc. John Henry Newman ; Frank M. Turner, editor ; contributors, Martha McMackin Garland ... [et al.].
Remainder of title / by: Yale University Press
260 ## - PUBLICATION, DISTRIBUTION, ETC.
Place of publication, distribution, etc. New Haven
Name of publisher, distributor, etc. Yale University Press
Date of publication, distribution, etc. c1996.
300 ## - PHYSICAL DESCRIPTION
Extent xxxiv, 366 p. ;
Dimensions 22 cm.
440 #0 - SERIES STATEMENT/ADDED ENTRY--TITLE
Title Rethinking the Western tradition
504 ## - BIBLIOGRAPHY, ETC. NOTE
Bibliography, etc. note Includes bibliographical references (p.[363]-366).
600 10 - SUBJECT ADDED ENTRY--PERSONAL NAME
Personal name Newman, John Henry,
Dates associated with a name 1801-1890.
Title of a work Idea of a university.
650 #0 - SUBJECT ADDED ENTRY--TOPICAL TERM
Topical term or geographic name entry element Education, Higher
General subdivision Philosophy.
650 #0 - SUBJECT ADDED ENTRY--TOPICAL TERM
Topical term or geographic name entry element Universities and colleges
General subdivision Philosophy.
653 ## - INDEX TERM--UNCONTROLLED
Uncontrolled term განათლება
700 1# - ADDED ENTRY--PERSONAL NAME
Personal name Turner, Frank M.
Fuller form of name (Frank Miller),
Dates associated with a name 1944-2010.
Relator term Editor
906 ## - LOCAL DATA ELEMENT F, LDF (RLIN)
a 7
b cbc
c orignew
d 1
e ocip
f 19
g y-gencatlg
942 ## - ADDED ENTRY ELEMENTS (KOHA)
Source of classification or shelving scheme
Koha item type Books
Holdings
Withdrawn status Lost status Source of classification or shelving scheme Damaged status Not for loan Permanent location Current location Date acquired Inventory number Total Checkouts Full call number Barcode Date last seen Price effective from Koha item type
          Ken Walker International University Ken Walker International University 01/28/2021 2528   37 N-53 2528 01/28/2021 01/28/2021 Books

Powered by Koha